Mord sliepky Ochotnícke divadlo pred 70-imi rokmi

Bibliographic Details
Main Author: Konček, Július (Author)
Format: Article
Language:Slovak
Subjects:

MARC

LEADER 00000nab a2200000 a 4500
001 vtls000469354
003 SK-MaSNL
005 20260303180751.0
008 230629c1992 xo 0 slo
015 |a SNBRB19rr/mm-uuuuu 
035 |a CL0469487 
035 |a urn:nbn:sk:snk-abdoho 
035 |a (urnnbn)urn:nbn:sk:snk:ar-0012ry 
035 |a (uuid)3f3ad159-fcf9-4d28-9a03-245926232826 
040 |a SNKBUCL  |b slo  |c SNKBUCL  |e AACR2 
041 0 |a slo 
044 |a xo  |c SK 
080 |a 792.077(437.6)(091)  |2 1981 
100 1 |a Konček, Július  |4 aut  |9 882928 
245 1 0 |a Mord sliepky  |b Ochotnícke divadlo pred 70-imi rokmi  |c Július Konček 
650 0 7 |a slovenské ochotnícke divadlo  |2 snkbucl  |9 16401 
651 7 |a Betliar (Slovensko)  |2 snkbucl  |9 20285 
655 7 |a články z novín a časopisov  |2 snkbucl  |9 267496 
773 0 |t Javisko  |g Roč. 24, č. 9 (1992), s. 41 
850 |a Slovenská národná knižnica v Martine  |a MTA001 
852 |a SNK  |b KIS3GCP 
954 |a odborná, vedecká literatúra pôvodná (slovenská)  |2 lita 
958 |a OND 
958 |a RK 
958 |a EUIPO 
958 |a article19 
992 |a RBX 
999 |c 2107639  |d 2109569